Adivinhe a sigla de cada estado - Statistics

Estatísticas Gerais
  • Esse quiz foi jogado 607 vezes
  • A pontuação média é 26 de 27
Estatísticas das Respostas
Siglas País % Correto
AC Acre
99%
AL Alagoas
98%
BA Bahia
97%
AP Amapá
96%
AM Amazonas
96%
CE Ceará
96%
DF Distrito Federal
96%
GO Goias
96%
MT Mato Grosso
96%
PA Pará
96%
RJ Rio De Janeiro
96%
ES Espirito Santo
95%
MG Minas Gerais
95%
PI Piauí
95%
SP São Paulo
95%
PE Pernambuco
94%
RN Rio Grande Do Norte
94%
RS Rio Grande Do Sul
94%
MS Mato Grosso Do Sul
93%
PB Paraíba
93%
RR Roraima
93%
SE Sergipe
93%
TO Tocantins
93%
MA Maranhão
92%
RO Rondônia
92%
SC Santa Catarina
92%
PR Paraná
91%
Nenhum quiz correspondente encontrado
Distribuição das Pontuações
Porcentagem de Pessoas com Cada Pontuação
Percentil de Números Respondidos
Sua Pontuação Histórica
Você não jogou esse quiz